000 00350nam a2200145Ia 4500
008 230312s9999||||xx |||||||||||||| ||und||
020 _a9788120337893
082 _a620.1
_bGOY-E
100 _aGoyal, M. C.
245 0 _aEngineering Mechanics
260 _bPHI Learning Pvt Ltd
_aIndia
_c2009
546 _aEng.
650 _aEngineering
942 _cBK
999 _c6199
_d6199